[Event "ODJM C 2019"]
[Site "Willingen GER"]
[Date "2019.06.09"]
[Round "2"]
[White "Burger, Daiana"]
[Black "Chassard, Cecilia"]
[Result "1-0"]
[Termination "normal"]
[Board "23"]
[WhiteElo "1366"]
[BlackElo "915"]
[PlyCount "59"]
[WhiteFideId "16217233"]
[BlackFideId "16271831"]
[EventCountry "GER"]
[EventRounds "9"]
[EventType "swiss"]
[EventDate "2019.06.08"]

1. e4 e5 2. Nf3 Nc6 3. Bc4 Bc5 4. d3 Nf6 5. Nc3 d6 6. h3 Be6 7. Bb3 Bxb3 8.
axb3 Bb4 9. Bd2 Bxc3 10. bxc3 O-O 11. g4 Ne7 12. Qe2 Ng6 13. h4 Nxg4 14. O-O-O
Nh6 15. Rdg1 Qf6 16. Bg5 Qe6 17. d4 f6 18. d5 Qf7 19. Bxh6 gxh6 20. h5 Kh8 21.
hxg6 hxg6 22. Rxh6+ Kg8 23. Rgxg6+ Qxg6 24. Rxg6+ Kf7 25. Nh4 Rh8 26. Qg4 Rxh4
27. Rg7+ Kf8 28. Qg6 Rh1+ 29. Kb2 Rh8 30. Qf7# 1-0

[Event "ODJM C 2019"]
[Site "Willingen GER"]
[Date "2019.06.09"]
[Round "2"]
[White "Hapke, Lara"]
[Black "Akcapinar, Timur"]
[Result "1-0"]
[Termination "normal"]
[Board "24"]
[WhiteElo "1358"]
[BlackElo "852"]
[PlyCount "91"]
[WhiteFideId "12996572"]
[BlackFideId "16287509"]
[EventCountry "GER"]
[EventRounds "9"]
[EventType "swiss"]
[EventDate "2019.06.08"]

1. e4 c5 2. Nf3 d6 3. d4 cxd4 4. Nxd4 Nf6 5. Nc3 g6 6. Be3 Bg7 7. f3 O-O 8. Qd2
Bd7 9. O-O-O Nc6 10. g4 a6 11. h4 b5 12. h5 b4 13. Nd5 Nxd4 14. Nxf6+ Bxf6 15.
Bxd4 Bxd4 16. Qxd4 Qa5 17. hxg6 fxg6 18. Bc4+ e6 19. Qxd6 Qg5+ 20. Kb1 Rad8 21.
Bxe6+ Bxe6 22. Qxe6+ Kg7 23. Rxd8 Qxd8 24. Qe5+ Kg8 25. Rf1 Qd7 26. Qd5+ Qxd5
27. exd5 Ra8 28. Rd1 Rf8 29. Rd3 h5 30. d6 h4 31. d7 h3 32. d8=Q Rxd8 33. Rxd8+
Kg7 34. Rd1 Kh6 35. Rh1 g5 36. Rxh3+ Kg6 37. c3 bxc3 38. bxc3 a5 39. c4 a4 40.
c5 a3 41. c6 Kf6 42. c7 Ke7 43. c8=Q Kf7 44. Rh6 Ke7 45. Qc7+ Kf8 46. Rh8# 1-0

[Event "ODJM C 2019"]
[Site "Willingen GER"]
[Date "2019.06.09"]
[Round "2"]
[White "Laag, Elena"]
[Black "Laux, Filip"]
[Result "0-1"]
[Termination "normal"]
[Board "25"]
[WhiteElo "841"]
[BlackElo "1155"]
[PlyCount "122"]
[WhiteFideId "16287576"]
[BlackFideId "16275730"]
[EventCountry "GER"]
[EventRounds "9"]
[EventType "swiss"]
[EventDate "2019.06.08"]

1. e4 c6 2. Bc4 d5 3. exd5 cxd5 4. Bb3 Nf6 5. Nc3 Bf5 6. d4 e6 7. Nf3 Nc6 8.
Bf4 Bd6 9. Qd2 O-O 10. Ne5 Qc7 11. Ne2 Nxe5 12. dxe5 Bxe5 13. c3 Bxf4 14. Nxf4
Ne4 15. Qe3 Qc5 16. Nd3 Qxe3+ 17. fxe3 Nf6 18. Nc5 Rac8 19. Nxb7 Rc7 20. Nd6
Bd3 21. Rd1 Ba6 22. Ba4 Rd8 23. Nb5 Rb8 24. Nxc7 Bc4 25. b3 Rc8 26. bxc4 Rxc7
27. Rb1 h6 28. Bc2 g6 29. Rb8+ Kg7 30. O-O Rxc4 31. Rb3 Ng4 32. Rf3 Ne5 33. Rf4
Rc5 34. e4 g5 35. Rf2 Ng4 36. Re2 dxe4 37. Bxe4 Re5 38. Rb4 f5 39. Bf3 Ne3 40.
Rb7+ Kg6 41. Rxa7 f4 42. Bc6 Rc5 43. Be4+ Kf6 44. Ra3 Rc7 45. Rb2 Nc4 46. Rbb3
Nxa3 47. Rxa3 Rd7 48. Bf3 Kf5 49. Ra5+ e5 50. g4+ Kf6 51. Ra6+ Kg7 52. c4 Rc7
53. Be2 e4 54. Re6 e3 55. Bd3 Rd7 56. Be2 Rd2 57. Bf3 Rxa2 58. c5 h5 59. c6 h4
60. c7 h3 61. c8=Q Ra1+ 0-1

[Event "ODJM C 2019"]
[Site "Willingen GER"]
[Date "2019.06.09"]
[Round "2"]
[White "Weidenhöfer, Ben"]
[Black "Barthel, Sascha"]
[Result "0-1"]
[Termination "normal"]
[Board "27"]
[WhiteElo "821"]
[BlackElo "1297"]
[PlyCount "42"]
[WhiteFideId "16273702"]
[BlackFideId "16280369"]
[EventCountry "GER"]
[EventRounds "9"]
[EventType "swiss"]
[EventDate "2019.06.08"]

1. d4 d5 2. Bf4 Bf5 3. Nc3 Nf6 4. Nf3 e6 5. e3 Bd6 6. Be5 O-O 7. Nb5 Nc6 8. Bd3
Bg4 9. h3 Bh5 10. g4 Bg6 11. Bxg6 fxg6 12. Bxd6 cxd6 13. Ng5 Qd7 14. Qf3 Ne4
15. Qg2 Nxg5 16. Qg3 Ne4 17. Qh4 Rxf2 18. Rf1 Rxc2 19. Rb1 Nb4 20. Na3 Nd3+ 21.
Kd1 Rd2# 0-1

[Event "ODJM C 2019"]
[Site "Willingen GER"]
[Date "2019.06.09"]
[Round "2"]
[White "Keuper, David"]
[Black "Weiss, Adrian"]
[Result "1-0"]
[Termination "normal"]
[Board "28"]
[WhiteElo "1075"]
[BlackElo "774"]
[PlyCount "57"]
[WhiteFideId "16287568"]
[BlackFideId "16286022"]
[EventCountry "GER"]
[EventRounds "9"]
[EventType "swiss"]
[EventDate "2019.06.08"]

1. e4 d5 2. exd5 Qxd5 3. Nc3 Qa5 4. Nf3 Bf5 5. Bc4 e6 6. d4 c6 7. h3 Bd6 8. Bd2
Nf6 9. O-O Qc7 10. Re1 Nbd7 11. Bg5 h6 12. Bxf6 Nxf6 13. d5 cxd5 14. Bxd5 e5
15. Rc1 O-O-O 16. Nb5 Qb6 17. c4 Bc5 18. Qe2 Rhe8 19. Bxf7 Re7 20. Nxe5 Rxe5
21. Qxe5 Bxf2+ 22. Kh1 Bxe1 23. Qxf5+ Rd7 24. Rxe1 a6 25. Nc3 Qc6 26. Be6 Kc7
27. Bxd7 Nxd7 28. Nd5+ Kc8 29. Ne7+ 1-0